Tilastot visalle Konsonantilla alkavat ja siihen päättyvät maat

Klikkaa tästä pelataksesi tätä visaa!

Yleistilastot

  • Tätä visaa on pelattu 641 kertaa
    (635 viimeisimmän päivityksen jälkeen)
  • Keskiarvotulos 23 / 39

Vastaustilastot

Maa% Oikein
Pakistan
75%
Turkmenistan
75%
Kazakstan
72%
Tadžikistan
72%
Jemen
71%
Bhutan
70%
Nepal
68%
Vietnam
68%
Laos
67%
Bahrain
65%
Qatar
64%
Bangladesh
63%
Benin
61%
Madagaskar
61%
Marshallinsaaret
61%
Kuwait
60%
Niger
60%
Filippiinit
59%
Komorit
59%
Salomonsaaret
59%
Tšad
59%
Honduras
57%
Myanmar
57%
Kypros
55%
Luxemburg
55%
Taiwan
55%
Barbados
54%
Seychellit
54%
Libanon
53%
Liechtenstein
53%
Saint Vincent ja Grenadiinit
53%
Mauritius
52%
Saint Kitts ja Nevis
52%
Sudan
52%
Malediivit
51%
Mosambik
50%
Gabon
47%
Kamerun
46%
Senegal
46%

Tulosjakauma

Persentiili vastausten määrän mukaan

Jokaisen tuloksen saaneiden osuus

Tuloshistoriasi

Et ole pelannut tätä visaa sen viimeisimmän päivityksen jälkeen